000 00685nam a2200265Ia 4500
003 OSt
005 20220912151454.0
006 a|||||r|||| 00| 0
007 ta
008 220909b |||||||| |||| 00| 0 eng d
024 _a61626
037 _cTextual
040 _aCSL
_beng
_cCSL
041 _aeng
082 _aBd, L6
100 _aBeyer William H Ed.
245 0 _aStandard mathematical tables
250 _a24
260 _aChichester
_bCRC Press
_c1976
300 _a565p.
_ccm.
650 _aMathematical tables
700 _a Selby Samuel W Ed.
942 _hBd, L6
_cTEXL
_2CC
999 _c69317
_d69317